| 000 | 00353nam a22001217a 4500 | ||
|---|---|---|---|
| 040 | _cHS | ||
| 082 | _a214 | ||
| 100 | _aHUOT KONGHEANG | ||
| 245 | _aResponsible fisheries management in large rivers and reservoirs of latin america seminar report | ||
| 260 |
_aprek leap national school of agriculture _bHUOT KONGHEANG _c2004 |
||
| 300 | _a4p. | ||
| 942 | _cEK | ||
| 999 |
_c8845 _d8845 |
||